书目信息 |
| 题名: |
苏联通史 一
|
|
| 作者: | 安·米·潘克拉托娃 主编 | |
| 分册: | ||
| 出版信息: | 北京 人民出版社 1980.04 |
|
| 页数: | 451页 | |
| 开本: | 20cm | |
| 丛书名: | ||
| 单 册: | ||
| 中图分类: | K512.0 | |
| 科图分类: | ||
| 主题词: | 东欧--历史 , 中欧--历史 | |
| 电子资源: | ||
| ISBN: | ||
| 000 | 00630nam0 2200205 450 | |
| 001 | 0834355818 | |
| 005 | 20081022154138.39 | |
| 010 | @dCNY1.45 | |
| 100 | @a20081022d1980 km y0chiy0120 ea | |
| 101 | 0 | @achi |
| 102 | @aCN@b110000 | |
| 200 | 1 | @a苏联通史 一@Asu lian tong shi yi@f(苏)安·米·潘克拉托娃主编@F(su)an·mi·pan ke la tuo wa zhu bian |
| 210 | @a北京@c人民出版社@d1980.04 | |
| 215 | @a451页@d20cm | |
| 606 | 0 | @a东欧@x历史 |
| 606 | 0 | @a中欧@x历史 |
| 690 | @aK512.0@v4 | |
| 701 | 0 | @a安·米·潘克拉托娃@Aan·mi·pan ke la tuo wa@4主编 |
| 801 | 0 | @aCN@b大连网信软件有限公司图书馆·11@c20081022 |
| 905 | @aBZT@dK512.0@e1-1 | |
| 苏联通史 一/(苏)安·米·潘克拉托娃主编.-北京:人民出版社,1980.04 |
| 451页;20cm |
| ISBN :CNY1.45 |
| ● |
| 相关链接 |
|
|
|
正题名:苏联通史 一
索取号:K512.0/1-1
 
预约/预借
| 序号 | 登录号 | 条形码 | 馆藏地/架位号 | 状态 | 备注 |
| 1 | 038174 | 201240987 | 中心书库南/020架B面3层4列/ [索取号:K512.0/1-1] | 在馆 |